00575nam a2200145 a 450000500170000000800410001702000180005805000220007610000280009824500530012626000320017952001730021165000220038465000230040620140412111344.0040902s19uu xx 00 eng d a0-689-81913-7 aTR(PS EbUn1 1993 aMitchell, Margaree King aUncle Jeds barbershop /cMargaree King Mitchell. aHongkong :bAladdin,c1993. aDespite serious obstacles and setbacks Sarah jeans uncle Jed, the only black barber in the country, pursues his dream of saving enough money to open his own barbershop. aUncle's - fiction aBarber's - fiction